Introduction to calculus and analysis /

Guardado en:
Autor Principal: Courant, Richard, 1888-1972.
Otros Autores: John, Fritz, 1910-
Formato: Libro
Idioma:English
Publicado: New York : Interscience Publishers, c1965-c1974.
Materias:
Etiquetas: Agregar Etiqueta
Sin Etiquetas, Sea el primero en etiquetar este registro!
LEADER 01204cam a22002655a 4500
001 MAT.inmabb005220
008 721213m19651974nyua##########001#0#eng##
005 20130321092204.0
245 1 0 |a Introduction to calculus and analysis /  |c Richard Courant and Fritz John. 
260 |a New York :  |b Interscience Publishers,  |c c1965-c1974. 
300 |a 2 v. (661, 954 p.) :  |b il. ;  |c 24 cm. 
500 |a Basado en la obra del primer autor, Vorlesungen über Differential- und Intergralrechnung, y en sus subsiguientes traducciones al inglés, publicadas por primera vez en 1934 bajo el título: Differential and integral calculus. 
500 |a Vol. 2 publicado por Wiley. "A Wiley-Interscience publication." 
510 4 |a MR,  |c 90j:00002a 
020 |a 0471178624 (v. 2) 
100 1 |a Courant, Richard,  |d 1888-1972. 
700 1 |a John, Fritz,  |d 1910- 
700 1 |a Courant, Richard,  |d 1888-1972.  |t Vorlesungen über Differential- und Integralrechnung. 
650 0 |a Calculus. 
650 0 |a Mathematical analysis. 
084 |a 00A05 (26-01)  |2 msc2000 
010 |a  65016403  
040 |a DLC  |c DLC  |d DLC 
859 |h 26  |i C858i  |p A-2604  |v 1  |3 Vol. 1  |b BIB. MATEMATICA 
859 |h 26  |i C858i  |p A-4558  |v 2  |3 Vol. 2  |b BIB. MATEMATICA